[Event "Rilton Cup 51st"]
[Site "Stockholm"]
[Date "2024.01.04"]
[Round "8"]
[White "Gorshtein, Ido"]
[Black "Rozentalis, Eduardas"]
[Result "1/2-1/2"]
[WhiteElo "2523"]
[BlackElo "2454"]
[PlyCount "123"]
[EventDate "2023.12.27"]
[EventType "swiss"]
[EventRounds "9"]
[EventCountry "SWE"]
[SourceTitle "CB02_2024"]
[SourceDate "2024.01.10"]
[SourceVersion "1"]
[SourceVersionDate "2024.01.10"]
[SourceQuality "1"]

1. d4 Nf6 2. c4 e6 3. g3 d5 4. Nf3 dxc4 5. Bg2 Bd7 6. Ne5 Bc6 7. Nxc6 Nxc6 8. 0-0 Qd7 9. e3 Rd8 10. Qe2 e5 11. Qxc4 exd4 12. Qb5 Be7 13. Qxb7 Nd5 14. exd4 Nxd4 15. Nc3 c6 16. Qxd7+ Rxd7 17. Nxd5 cxd5 18. Rd1 Bf6 19. Re1+ Ne6 20. Bh3 Rd6 21. Bf4 Rb6 22. Be5 Bxe5 23. Rxe5 Rxb2 24. Rxd5 0-0 25. Ra5 Rb7 26. Bg2 Rc7 27. Rb1 Rd8 28. h4 g6 29. Rb2 Kg7 30. Bf3 Nd4 31. Bd5 Rd6 32. Kg2 h5 33. Rb4 Ne6 34. Be4 Rd4 35. Rxd4 Nxd4 36. Bd5 Kf6 37. Ba8 Ne6 38. Kf3 Re7 39. Be4 Nd4+ 40. Ke3 Nf5+ 41. Kd3 Nd6 42. Bf3 Rc7 43. Ra4 Ke5 44. Ra5+ Kf6 45. Bd5 Nf5 46. Ra6+ Ke7 47. Bc6 Nh6 48. Bf3 Ng8 49. Ra4 Nf6 50. Kd4 Rd7+ 51. Kc4 Ng4 52. Bxg4 hxg4 53. Kc3 f5 54. Ra6 Kf7 55. a4 Kg7 56. Re6 Kh6 57. Rc6 Rb7 58. Ra6 f4 59. gxf4 Rf7 60. Kd3 Rxf4 61. Ke2 Kh5 62. Rxa7 1/2-1/2

[Event "Heraklion Tal Memorial 4th"]
[Site "Heraklion"]
[Date "2023.11.09"]
[Round "9"]
[White "Rozentalis, Eduardas"]
[Black "Pandavos, Panayotis"]
[Result "1/2-1/2"]
[WhiteElo "2473"]
[BlackElo "2127"]
[PlyCount "72"]
[EventDate "2023.11.01"]
[EventType "tourn"]
[EventRounds "9"]
[EventCountry "GRE"]
[SourceTitle "CB46_2023"]
[SourceDate "2023.11.15"]
[SourceVersion "1"]
[SourceVersionDate "2023.11.15"]
[SourceQuality "1"]

1. e4 c5 2. Nf3 d6 3. d4 cxd4 4. Qxd4 Nc6 5. Bb5 Bd7 6. Bxc6 Bxc6 7. c4 Nf6 8. Nc3 e5 9. Qd3 h6 10. 0-0 Be7 11. Ne1 a6 12. Nc2 b5 13. cxb5 axb5 14. Nb4 Qd7 15. Nxc6 Qxc6 16. Qxb5 Qxb5 17. Nxb5 Nxe4 18. Nc7+ Kd7 19. Nxa8 Rxa8 20. f3 Nc5 21. Rd1 Nb3 22. Rb1 Rxa2 23. Be3 Ra5 24. Rd3 Rb5 25. Rbd1 Ke6 26. Rc3 d5 27. Rc6+ Kd7 28. Rb6 Rxb6 29. Bxb6 Kc6 30. Rd3 Nc5 31. Bxc5 Bxc5+ 32. Kf1 f5 33. g4 fxg4 34. fxg4 e4 35. Rg3 d4 36. g5 d3 1/2-1/2

[Event "Heraklion Tal Memorial 4th"]
[Site "Heraklion"]
[Date "2023.11.04"]
[Round "4"]
[White "Papasimakopoulos, Alexandros"]
[Black "Rozentalis, Eduardas"]
[Result "0-1"]
[WhiteElo "2416"]
[BlackElo "2473"]
[PlyCount "66"]
[EventDate "2023.11.01"]
[EventType "tourn"]
[EventRounds "9"]
[EventCountry "GRE"]
[SourceTitle "CB46_2023"]
[SourceDate "2023.11.15"]
[SourceVersion "1"]
[SourceVersionDate "2023.11.15"]
[SourceQuality "1"]

1. c4 e6 2. Nc3 Nf6 3. Nf3 Bb4 4. g4 d6 5. g5 Nfd7 6. h4 Bxc3 7. dxc3 Nc6 8. h5 e5 9. e4 Nc5 10. Qc2 Bg4 11. Be2 Ne6 12. Rg1 Bxh5 13. Nxe5 dxe5 14. Bxh5 Qe7 15. Be3 0-0-0 16. b4 Nf4 17. Bg4+ Kb8 18. Qa4 Rd3 19. Rg3 h5 20. gxh6 Rxh6 21. Be2 Rh1+ 22. Bf1 Rxe3+ 23. Rxe3 Ng2+ 24. Kd2 Nxe3 25. Kxe3 Qg5+ 26. Kd3 Qf4 27. Qd1 Qxf2 28. c5 a6 29. Kc4 g5 30. Qe1 Qb2 31. a4 g4 32. b5 g3 33. Qb1 Na5+ 0-1

[Event "Jerusalem Summer"]
[Site "Jerusalem"]
[Date "2023.08.27"]
[Round "5"]
[White "Haimovich, Tal"]
[Black "Rozentalis, Eduardas"]
[Result "0-1"]
[WhiteElo "2359"]
[BlackElo "2490"]
[PlyCount "96"]
[EventDate "2023.08.23"]
[EventType "tourn"]
[EventRounds "9"]
[EventCountry "ISR"]
[EventCategory "7"]
[SourceTitle "EXT 2024"]
[Source "ChessBase"]
[SourceDate "2023.10.10"]
[SourceVersion "1"]
[SourceVersionDate "2023.10.10"]
[SourceQuality "1"]

1. d4 Nf6 2. c4 e6 3. Nf3 Bb4+ 4. Nbd2 0-0 5. a3 Bxd2+ 6. Qxd2 b6 7. e3 Bb7 8. Be2 d6 9. b3 Nbd7 10. Bb2 Qe7 11. 0-0 Ne4 12. Qc2 f5 13. Rad1 Rf6 14. d5 Rg6 15. Nd4 Nf8 16. Bd3 Nc5 17. Rfe1 Nxd3 18. Rxd3 Qf7 19. f3 exd5 20. cxd5 Bxd5 21. Rf1 c5 22. e4 Be6 23. Nb5 c4 24. bxc4 Bxc4 25. Nxd6 Bxd3 26. Qxd3 Rd8 27. Nxf7 Rxd3 28. Ne5 Rb3 29. Nxg6 hxg6 30. Rf2 fxe4 31. fxe4 Ne6 32. Rd2 Kf7 33. h3 Nc5 34. e5 Ke6 35. Rd6+ Ke7 36. Bd4 Ne6 37. Bf2 Rxa3 38. Rc6 Ra5 39. Rc8 Rxe5 40. Ra8 Ra5 41. Kh2 b5 42. Kg3 b4 43. Kf3 Rf5+ 44. Ke2 a5 45. Ra7+ Kf6 46. Bb6 b3 47. Bxa5 Rxa5 48. Rxa5 b2 0-1

[Event "Skanderborg Smuk"]
[Site "Skanderborg"]
[Date "2023.08.14"]
[Round "3"]
[White "Rozentalis, Eduardas"]
[Black "Nagy, Gabor"]
[Result "1/2-1/2"]
[WhiteElo "2490"]
[BlackElo "2452"]
[PlyCount "49"]
[EventDate "2023.08.12"]
[EventType "tourn"]
[EventRounds "9"]
[EventCountry "DEN"]
[EventCategory "8"]
[SourceTitle "CBM 215 Extra"]
[Source "ChessBase"]
[SourceDate "2023.09.30"]
[SourceVersion "1"]
[SourceVersionDate "2023.09.30"]
[SourceQuality "1"]

1. e4 e5 2. Nf3 Nc6 3. Nc3 Nf6 4. d4 exd4 5. Nxd4 Bb4 6. Nxc6 bxc6 7. Bd3 d5 8. exd5 cxd5 9. 0-0 0-0 10. Qf3 c6 11. h3 Re8 12. Bg5 h6 13. Bxf6 Qxf6 14. Qxf6 gxf6 15. Ne2 Rb8 16. Rad1 Bd6 17. b3 Be6 18. Nd4 c5 19. Nf5 Bf8 20. Ne3 Red8 21. Rfe1 Bd6 22. Nf5 Bf8 23. Ne3 Bd6 24. Nf5 Bf8 25. Ne3 1/2-1/2

[Event "Quebec op"]
[Site "Montreal"]
[Date "2023.08.04"]
[Round "8"]
[White "Bruzon Batista, Lazaro"]
[Black "Rozentalis, Eduardas"]
[Result "1/2-1/2"]
[WhiteElo "2609"]
[BlackElo "2496"]
[PlyCount "37"]
[EventDate "2023.07.29"]
[EventType "swiss"]
[EventRounds "9"]
[EventCountry "CAN"]
[SourceTitle "CBM 215 Extra"]
[Source "ChessBase"]
[SourceDate "2023.09.30"]
[SourceVersion "1"]
[SourceVersionDate "2023.09.30"]
[SourceQuality "1"]

1. e4 e6 2. d4 d5 3. e5 c5 4. c3 Bd7 5. Nf3 Qb6 6. Bd3 cxd4 7. Nxd4 Nc6 8. Nxc6 bxc6 9. Nd2 Ne7 10. 0-0 Ng6 11. Nf3 f6 12. Re1 Be7 13. b4 Qc7 14. exf6 gxf6 15. Nd4 e5 16. Nf5 0-0-0 17. Nxe7+ Nxe7 18. Be3 Nf5 19. Qh5 1/2-1/2

[Event "Quebec op"]
[Site "Montreal"]
[Date "2023.08.01"]
[Round "5"]
[White "Duong, Thanh Binh"]
[Black "Rozentalis, Eduardas"]
[Result "0-1"]
[WhiteElo "2116"]
[BlackElo "2496"]
[PlyCount "46"]
[EventDate "2023.07.29"]
[EventType "swiss"]
[EventRounds "9"]
[EventCountry "CAN"]
[SourceTitle "CBM 215 Extra"]
[Source "ChessBase"]
[SourceDate "2023.09.30"]
[SourceVersion "1"]
[SourceVersionDate "2023.09.30"]
[SourceQuality "1"]

1. Nf3 Nf6 2. b3 b5 3. Bb2 Bb7 4. e3 a6 5. d4 e6 6. Bd3 c5 7. 0-0 d6 8. Nbd2 Nbd7 9. Qe2 Be7 10. c3 0-0 11. e4 Qb6 12. Rfe1 Rfd8 13. h4 Rac8 14. Rad1 Nf8 15. c4 cxd4 16. Bxd4 Qa5 17. Rc1 e5 18. b4 Qxb4 19. Bb6 bxc4 20. Rb1 cxd3 21. Qxd3 Qxb1 22. Qxb1 Rd7 23. g3 h6 0-1

[Event "Warsaw Najdorf Memorial op-A"]
[Site "Warsaw"]
[Date "2023.07.17"]
[Round "7"]
[White "Kazakouski, Valery"]
[Black "Rozentalis, Eduardas"]
[Result "1/2-1/2"]
[WhiteElo "2539"]
[BlackElo "2496"]
[PlyCount "46"]
[EventDate "2023.07.11"]
[EventType "swiss"]
[EventRounds "9"]
[EventCountry "POL"]
[SourceTitle "EXT 2024"]
[Source "ChessBase"]
[SourceDate "2023.10.10"]
[SourceVersion "1"]
[SourceVersionDate "2023.10.10"]
[SourceQuality "1"]

1. d4 Nf6 2. c4 e6 3. Nc3 Bb4 4. f3 d5 5. a3 Be7 6. e4 dxe4 7. fxe4 c5 8. d5 exd5 9. exd5 0-0 10. Be2 Bd6 11. Nb5 a6 12. Nxd6 Qxd6 13. Nf3 Bg4 14. 0-0 Re8 15. h3 Bh5 16. Bd3 Nbd7 17. Qc2 b5 18. b3 bxc4 19. bxc4 Bg6 20. Rb1 Rab8 21. Rxb8 Qxb8 22. Bxg6 hxg6 23. Qd3 Qg3 1/2-1/2

[Event "FRA-chT Top 16 Gp Basse"]
[Site "Chartres"]
[Date "2023.06.09"]
[Round "2.3"]
[White "Santos Latasa, Jaime"]
[Black "Rozentalis, Eduardas"]
[Result "1-0"]
[WhiteElo "2653"]
[BlackElo "2528"]
[PlyCount "57"]
[EventDate "2023.06.08"]
[EventType "team-tourn"]
[EventRounds "4"]
[EventCountry "FRA"]
[SourceTitle "CBM 214 Extra"]
[Source "ChessBase"]
[SourceDate "2023.07.31"]
[SourceVersion "1"]
[SourceVersionDate "2023.07.31"]
[SourceQuality "1"]
[WhiteTeam "Marseille"]
[BlackTeam "Strasbourg"]
[WhiteTeamCountry "FRA"]
[BlackTeamCountry "FRA"]

1. c4 e6 2. Nc3 Nf6 3. Nf3 Bb4 4. Qc2 0-0 5. a3 Bxc3 6. Qxc3 b6 7. b4 d6 8. e3 Nbd7 9. Be2 Bb7 10. Bb2 c5 11. 0-0 Rc8 12. Rfd1 e5 13. d4 cxd4 14. exd4 e4 15. Nd2 Re8 16. Qg3 Nf8 17. Nf1 Qd7 18. d5 Ng6 19. Ne3 Ne5 20. a4 Ba6 21. a5 Rb8 22. axb6 Rxb6 23. b5 Bc8 24. c5 Rxb5 25. c6 Qd8 26. Bxe5 Rxe5 27. Bxb5 Nh5 28. Qxe5 dxe5 29. d6 1-0

[Event "LTU-chT"]
[Site "Lithuania"]
[Date "2023.04.22"]
[Round "6.2"]
[White "Reimanis, Ritvars"]
[Black "Rozentalis, Eduardas"]
[Result "0-1"]
[WhiteElo "2360"]
[BlackElo "2501"]
[PlyCount "106"]
[EventDate "2023.03.04"]
[EventType "team"]
[EventRounds "7"]
[EventCountry "LTU"]
[SourceTitle "EXT 2024"]
[Source "ChessBase"]
[SourceDate "2023.10.10"]
[SourceVersion "1"]
[SourceVersionDate "2023.10.10"]
[SourceQuality "1"]
[WhiteTeam "Panevezio Gigant"]
[BlackTeam "Vilnius Juoda Balta"]
[WhiteTeamCountry "LTU"]
[BlackTeamCountry "LTU"]

1. d4 Nf6 2. c4 e6 3. Nf3 Bb4+ 4. Bd2 a5 5. Qc2 c5 6. e4 d6 7. e5 dxe5 8. dxe5 Nfd7 9. Nc3 Nc6 10. a3 Bxc3 11. Bxc3 Qc7 12. Qe4 b6 13. Qg4 0-0 14. Qe4 Rd8 15. Bd3 Nf8 16. 0-0-0 Bb7 17. Qe3 Ne7 18. Be4 Nf5 19. Qe2 Ng6 20. g3 h6 21. Rhe1 Rac8 22. Kb1 Rd7 23. Bxb7 Qxb7 24. Rxd7 Qxd7 25. Rd1 Qb7 26. Qd3 Rc7 27. Ne1 Nf8 28. Qf3 Qc8 29. Nc2 Rd7 30. Rxd7 Qxd7 31. Kc1 a4 32. Qe4 b5 33. g4 Ne7 34. Ne3 bxc4 35. Nxc4 Nd5 36. Bd2 Qb5 37. f4 Ng6 38. f5 Nge7 39. fxe6 fxe6 40. Nd6 Qf1+ 41. Kc2 Nc6 42. Bc3 Qf2+ 43. Kd3 Qf1+ 44. Kc2 Qf2+ 45. Kd3 Qxh2 46. Qxa4 Qg3+ 47. Kd2 Qg2+ 48. Kd3 Qf3+ 49. Kd2 Nxc3 50. bxc3 Qd5+ 51. Kc1 Nxe5 52. Qa6 c4 53. a4 Nd3+ 0-1

[Event "Fagernes op-A"]
[Site "Fagernes"]
[Date "2023.04.06"]
[Round "6"]
[White "Rozentalis, Eduardas"]
[Black "Sanal, Vahap"]
[Result "1/2-1/2"]
[WhiteElo "2504"]
[BlackElo "2582"]
[PlyCount "46"]
[EventDate "2023.04.02"]
[EventType "swiss"]
[EventRounds "9"]
[EventCountry "NOR"]
[SourceTitle "CBM 213 Extra"]
[Source "ChessBase"]
[SourceDate "2023.05.31"]
[SourceVersion "1"]
[SourceVersionDate "2023.05.31"]
[SourceQuality "1"]

1. e4 e5 2. Nf3 Nc6 3. Bb5 Nf6 4. 0-0 Nxe4 5. Re1 Nd6 6. Nxe5 Nxe5 7. Rxe5+ Be7 8. Bf1 0-0 9. d4 Bf6 10. Re1 Nf5 11. c3 d5 12. Bf4 c6 13. Nd2 Nh4 14. Bd3 Bf5 15. Bxf5 Nxf5 16. Nf3 Re8 17. Qd3 g6 18. h3 h5 19. Rxe8+ Qxe8 20. Re1 Qf8 21. Be5 Bxe5 22. Rxe5 Re8 23. Qe2 Nd6 1/2-1/2